000
00265nam a22001337a 4500
008
190129b xxu||||| |||| 00| 0 eng d
020
_a
74924
041
_a
eng
080
_a
531
100
_a
43
101
_a
FIZ
245
_a
Physics
_c
Murphy
942
_2
udc
_c
BK
999
_c
53878
_d
53878